[Event "Titled Tuesday intern op 03rd Jan Late"]
[Site "Chess.com INT"]
[Date "2025.06.03"]
[Round "7"]
[White "Baltabaev, Temirlan"]
[Black "Dubnevych, Maksym"]
[Result "0-1"]
[WhiteElo "2295"]
[BlackElo "2292"]
[PlyCount "52"]
[EventDate "2025.06.03"]
[EventType "swiss (blitz)"]
[EventRounds "11"]
[EventCountry "USA"]
[SourceTitle "CB24_2025"]
[SourceDate "2025.06.11"]
[SourceVersion "1"]
[SourceVersionDate "2025.06.11"]
[SourceQuality "1"]

1. d4 Nf6 2. Nf3 e6 3. g3 d5 4. c4 dxc4 5. Bg2 Nbd7 6. Na3 Bxa3 7. bxa3 0-0 8. 0-0 b5 9. Ne5 Nd5 10. e4 Nxe5 11. exd5 Nd3 12. dxe6 Bxe6 13. Be3 Bd5 14. Rb1 Bxg2 15. Kxg2 Qd5+ 16. Qf3 Rfd8 17. Rfd1 c6 18. a4 a6 19. axb5 axb5 20. Rd2 Ra4 21. Rbd1 Nb4 22. Bf4 c3 23. Re2 Qxf3+ 24. Kxf3 c2 25. Rde1 h6 26. Be5 Nd3 0-1

[Event "Titled Tuesday intern op 20th May Late"]
[Site "Chess.com INT"]
[Date "2025.05.20"]
[Round "7"]
[White "Hoeffer, David"]
[Black "Dubnevych, Maksym"]
[Result "1-0"]
[WhiteElo "2295"]
[BlackElo "2292"]
[PlyCount "99"]
[EventDate "2025.05.20"]
[EventType "swiss (blitz)"]
[EventRounds "11"]
[EventCountry "USA"]
[SourceTitle "CB22_2025"]
[SourceDate "2025.05.28"]
[SourceVersion "1"]
[SourceVersionDate "2025.05.28"]
[SourceQuality "1"]

1. d4 d5 2. Nc3 Nf6 3. Bf4 e6 4. Nb5 Bd6 5. Nxd6+ cxd6 6. e3 0-0 7. Nf3 Nc6 8. c3 Re8 9. h3 h6 10. Be2 e5 11. Bh2 Bf5 12. 0-0 Qb6 13. Qb3 Qc7 14. Rac1 Rac8 15. Qa3 a6 16. c4 dxc4 17. Rxc4 Qd7 18. dxe5 dxe5 19. Rd1 Qe6 20. Rdc1 Rcd8 21. Bf1 Be4 22. Ne1 Rd2 23. Qc3 Rd7 24. b4 Bd5 25. Rh4 Bxa2 26. b5 axb5 27. Bxb5 Red8 28. Bxc6 bxc6 29. Bxe5 Nd5 30. Qb2 f6 31. Bd4 Ne7 32. Rg4 Kh8 33. Nf3 Bd5 34. Nh4 Nf5 35. Nxf5 Qxf5 36. f3 Qe6 37. e4 Bc4 38. Bf2 Bb5 39. Qc3 Rd3 40. Qc5 Kh7 41. Kh2 Rd2 42. Kg1 Re2 43. Re1 Rxe1+ 44. Bxe1 Rd1 45. Qe3 Qc4 46. Kh2 h5 47. Rg3 Qf1 48. Qa7 Rd7 49. Qxd7 h4 50. Qxg7# 1-0

[Event "Titled Tuesday intern op 20th May Late"]
[Site "Chess.com INT"]
[Date "2025.05.20"]
[Round "2"]
[White "Martinez Pla, Xavier"]
[Black "Dubnevych, Maksym"]
[Result "0-1"]
[WhiteElo "2282"]
[BlackElo "2292"]
[PlyCount "124"]
[EventDate "2025.05.20"]
[EventType "swiss (blitz)"]
[EventRounds "11"]
[EventCountry "USA"]
[SourceTitle "CB22_2025"]
[SourceDate "2025.05.28"]
[SourceVersion "1"]
[SourceVersionDate "2025.05.28"]
[SourceQuality "1"]

1. e4 c5 2. Nf3 Nc6 3. Bc4 e6 4. 0-0 Nf6 5. Re1 Be7 6. e5 Nd5 7. Nc3 Nb6 8. Bf1 0-0 9. b3 f5 10. Bb2 a6 11. d4 cxd4 12. Nxd4 Qc7 13. Nf3 Nb4 14. a3 N4d5 15. Nxd5 Nxd5 16. c4 Nf4 17. g3 Ng6 18. h4 b6 19. Bg2 Bb7 20. Qd3 f4 21. h5 Nh8 22. g4 Nf7 23. Bd4 Nh6 24. Nh2 f3 25. Bh3 Nf7 26. Bf1 Ng5 27. b4 Rad8 28. Rad1 d6 29. Qc3 Ne4 30. Qb2 Bh4 31. Bd3 dxe5 32. Bxe5 Bxf2+ 33. Qxf2 Qxe5 34. Bxe4 Bxe4 35. Rxd8 Rxd8 36. Nxf3 Qf4 37. Nh2 Qe5 38. Nf3 Qf4 39. Nh2 Qxf2+ 40. Kxf2 Bd3 41. Rxe6 Bxc4 42. Rxb6 Rd2+ 43. Kg3 Rd3+ 44. Kf4 Rxa3 45. Nf3 h6 46. Ne5 Bd3 47. Rd6 Bb1 48. Rd8+ Kh7 49. Nf7 g5+ 50. hxg6+ Kg7 51. Ne5 Ra4 52. Rd7+ Kf6 53. g7 Rxb4+ 54. Ke3 Bh7 55. Nc6 Rb6 56. Ne7 Re6+ 57. Kd4 Rxe7 58. Rd6+ Re6 59. Rd7 Bg8 60. Kd5 Re7+ 61. Kd6 Rxd7+ 62. Kxd7 Kxg7 0-1

[Event "Titled Tuesday intern op 06th May Early"]
[Site "Chess.com INT"]
[Date "2025.05.06"]
[Round "1"]
[White "Dubnevych, Maksym"]
[Black "Girsh, Daniel"]
[Result "0-1"]
[WhiteElo "2292"]
[BlackElo "2190"]
[PlyCount "84"]
[EventDate "2025.05.06"]
[EventType "swiss (blitz)"]
[EventRounds "11"]
[EventCountry "USA"]
[SourceTitle "CB20_2025"]
[SourceDate "2025.05.14"]
[SourceVersion "1"]
[SourceVersionDate "2025.05.14"]
[SourceQuality "1"]

1. e4 c5 2. Nc3 d6 3. f4 g6 4. Nf3 Bg7 5. Bb5+ Bd7 6. Bc4 Nc6 7. 0-0 e6 8. d3 Nge7 9. Kh1 0-0 10. Qe1 Nd4 11. Nxd4 cxd4 12. Ne2 d5 13. exd5 Nxd5 14. f5 gxf5 15. Bxd5 exd5 16. Qg3 Kh8 17. Nf4 Rc8 18. Nh5 Rg8 19. Qf2 Be5 20. Bf4 f6 21. Rae1 Qc7 22. Nxf6 Bxf4 23. Nxg8 Be3 24. Qh4 Rxg8 25. Qf6+ Rg7 26. c3 Qc6 27. Qe5 Qe6 28. Qb8+ Rg8 29. Qc7 f4 30. cxd4 Qg6 31. Re2 Bg4 32. Qe5+ Qg7 33. Rc2 Qxe5 34. dxe5 d4 35. h3 Bf5 36. Rc7 Bxd3 37. Re1 Be4 38. e6 Rxg2 39. Rc8+ Rg8+ 40. Kh2 Rxc8 41. e7 Rc2+ 42. Re2 Rxe2# 0-1

[Event "Titled Tuesday intern op 06th May Early"]
[Site "Chess.com INT"]
[Date "2025.05.06"]
[Round "6"]
[White "Dubnevych, Maksym"]
[Black "Mora Munoz, Alejandro"]
[Result "1-0"]
[WhiteElo "2292"]
[BlackElo "2147"]
[PlyCount "121"]
[EventDate "2025.05.06"]
[EventType "swiss (blitz)"]
[EventRounds "11"]
[EventCountry "USA"]
[SourceTitle "CB20_2025"]
[SourceDate "2025.05.14"]
[SourceVersion "1"]
[SourceVersionDate "2025.05.14"]
[SourceQuality "1"]

1. c4 Nf6 2. Nc3 e6 3. d4 d5 4. cxd5 exd5 5. Bg5 c6 6. e3 Bd6 7. Bd3 0-0 8. Nf3 Re8 9. 0-0 Be6 10. Ne5 h6 11. Bh4 Be7 12. f4 Nbd7 13. f5 Nxe5 14. dxe5 d4 15. exd4 Nd5 16. Bxe7 Rxe7 17. fxe6 Ne3 18. exf7+ Kf8 19. Qf3 Nxf1 20. Rxf1 Qxd4+ 21. Kh1 Rd8 22. Bb1 Qxe5 23. Ne4 Rdd7 24. Qa3 b6 25. h3 c5 26. Qa6 Rc7 27. Qd3 Red7 28. Qe3 Rxf7 29. Re1 Qd4 30. Qe2 Rce7 31. Qa6 Qd7 32. Bc2 Qc7 33. Qc4 Qe5 34. Bb3 Qd4 35. Qxd4 cxd4 36. Bxf7 Rxf7 37. Rd1 Rd7 38. Kg1 Ke7 39. Kf2 Ke6 40. Nd2 Kd5 41. Nb3 Kc4 42. Ke2 Re7+ 43. Kd2 Rf7 44. Rc1+ Kd5 45. Re1 a5 46. a4 Rf2+ 47. Re2 Rf4 48. Nc1 d3 49. Nxd3 Rxa4 50. Re5+ Kd6 51. Rb5 Kc6 52. Rf5 Rd4 53. Rf7 g5 54. Kc3 Rd6 55. Ne5+ Kb5 56. Nc4 Rc6 57. b3 Ka6 58. Kd4 Re6 59. Kd5 Re2 60. Rf8 Rd2+ 61. Nxd2 1-0

[Event "Titled Tuesday intern op 06th May Early"]
[Site "Chess.com INT"]
[Date "2025.05.06"]
[Round "3"]
[White "Helmer, Jan"]
[Black "Dubnevych, Maksym"]
[Result "0-1"]
[WhiteElo "2220"]
[BlackElo "2292"]
[PlyCount "132"]
[EventDate "2025.05.06"]
[EventType "swiss (blitz)"]
[EventRounds "11"]
[EventCountry "USA"]
[SourceTitle "CB20_2025"]
[SourceDate "2025.05.14"]
[SourceVersion "1"]
[SourceVersionDate "2025.05.14"]
[SourceQuality "1"]

1. Nf3 d5 2. e3 c5 3. b3 f6 4. d4 Nc6 5. Bb2 cxd4 6. Nxd4 e5 7. Nxc6 bxc6 8. Be2 Bb4+ 9. Nd2 Ne7 10. 0-0 0-0 11. c4 Be6 12. a3 Bxd2 13. Qxd2 dxc4 14. Qxd8 Rfxd8 15. Bxc4 Bxc4 16. bxc4 Rd2 17. Bc3 Rd3 18. Rfc1 c5 19. Rab1 Rad8 20. Kf1 R8d7 21. Ke2 e4 22. Rb2 Nf5 23. Rd2 Rxd2+ 24. Bxd2 Rd3 25. Rc3 Rxc3 26. Bxc3 Nd6 27. f3 Nxc4 28. a4 f5 29. fxe4 fxe4 30. g4 g5 31. Bf6 h6 32. h4 gxh4 33. Bxh4 Kf7 34. g5 h5 35. g6+ Kxg6 36. Be7 Nb6 37. Bxc5 Nxa4 38. Bxa7 Kf5 39. Kf2 Nc3 40. Kg3 Kg5 41. Bb6 Nd5 42. Bd4 Ne7 43. Bb6 Nf5+ 44. Kh3 Kf6 45. Bd8+ Ke5 46. Bg5 Kd5 47. Kg2 Kc4 48. Kf2 Kd3 49. Bf4 h4 50. Bg5 h3 51. Bf4 Nxe3 52. Kg3 Nd5 53. Bg5 Ke2 54. Kxh3 Kf3 55. Bd8 e3 56. Ba5 e2 57. Kh2 Kf2 58. Bd2 Ne3 59. Kh1 Nc4 60. Bc3 Nb2 61. Kh2 Nd1 62. Bb4 Ne3 63. Kh1 Nf5 64. Bd2 Ng3+ 65. Kh2 Nf1+ 66. Kh1 Nxd2 0-1

[Event "Titled Tuesday intern op 01st Apr Early"]
[Site "Chess.com INT"]
[Date "2025.04.01"]
[Round "1"]
[White "Dubnevych, Maksym"]
[Black "Burmakin, Evgeniy"]
[Result "1-0"]
[WhiteElo "2279"]
[BlackElo "2139"]
[PlyCount "81"]
[EventDate "2025.04.01"]
[EventType "swiss (blitz)"]
[EventRounds "11"]
[EventCountry "USA"]
[SourceTitle "CB15_2025"]
[SourceDate "2025.04.09"]
[SourceVersion "1"]
[SourceVersionDate "2025.04.09"]
[SourceQuality "1"]

1. Nc3 Nf6 2. e4 e5 3. d4 exd4 4. Qxd4 Nc6 5. Qd3 Bb4 6. Bd2 0-0 7. 0-0-0 Re8 8. Nge2 d6 9. Qg3 Ne5 10. a3 Bc5 11. h3 Nc4 12. Bg5 c6 13. Nf4 Ne5 14. Na4 Bb6 15. Nxb6 axb6 16. Bd3 Kh8 17. Qh4 Ng6 18. Nxg6+ fxg6 19. Rhe1 Qe7 20. f4 Qf7 21. e5 dxe5 22. fxe5 Nd5 23. Rf1 Qe6 24. Rf2 Bd7 25. Rdf1 b5 26. Rf7 b4 27. Rxd7 Qxd7 28. Bxg6 h6 29. Bxh6 gxh6 30. Rf7 Qxf7 31. Bxf7 Kg7 32. Bxe8 bxa3 33. bxa3 Rxe8 34. Qg3+ Kf7 35. Qf3+ Ke7 36. Qh5 Kd7 37. g4 Re6 38. Kb2 Ne3 39. Qf7+ Re7 40. Qf4 Nd5 41. Qf5+ 1-0

[Event "EU-ch 25th"]
[Site "Eforie Nord"]
[Date "2025.03.26"]
[Round "11"]
[White "Manafov, Vugar Gulam"]
[Black "Dubnevych, Maksym"]
[Result "1-0"]
[WhiteElo "2428"]
[BlackElo "2279"]
[PlyCount "89"]
[EventDate "2025.03.15"]
[EventType "swiss"]
[EventRounds "11"]
[EventCountry "ROU"]
[SourceTitle "CB13_2025"]
[SourceDate "2025.03.26"]
[SourceVersion "1"]
[SourceVersionDate "2025.03.26"]
[SourceQuality "1"]

1. d4 d5 2. c4 e6 3. Nf3 Nf6 4. Nc3 Bb4 5. Bg5 h6 6. Bxf6 Qxf6 7. e3 0-0 8. Rc1 Nc6 9. Qb3 a5 10. a3 a4 11. Qc2 Ba5 12. Bd3 e5 13. dxe5 Nxe5 14. Nxe5 Qxe5 15. cxd5 Qxd5 16. 0-0 Bxc3 17. Qxc3 c6 18. Rfd1 Qa5 19. Qd4 Re8 20. Rc5 Qa7 21. Re5 Be6 22. Qe4 g6 23. Bc4 Red8 24. Rxd8+ Rxd8 25. g3 Bxc4 26. Qxc4 Qb6 27. Re7 Rf8 28. Qc3 c5 29. e4 Qc6 30. Qe5 Rd8 31. Qf4 Rf8 32. e5 g5 33. Qf5 Qg6 34. Qxg6+ fxg6 35. Rxb7 Rf3 36. Kf1 Rf5 37. Ra7 Rxe5 38. Rxa4 Kf7 39. Ra5 Kf6 40. b4 c4 41. Rxe5 Kxe5 42. Ke2 Kd4 43. Kd2 c3+ 44. Kc2 Kc4 45. b5 1-0

[Event "EU-ch 25th"]
[Site "Eforie Nord"]
[Date "2025.03.22"]
[Round "7"]
[White "Tutisani, Noe"]
[Black "Dubnevych, Maksym"]
[Result "1/2-1/2"]
[WhiteElo "2440"]
[BlackElo "2279"]
[PlyCount "138"]
[EventDate "2025.03.15"]
[EventType "swiss"]
[EventRounds "11"]
[EventCountry "ROU"]
[SourceTitle "CB13_2025"]
[SourceDate "2025.03.26"]
[SourceVersion "1"]
[SourceVersionDate "2025.03.26"]
[SourceQuality "1"]

1. Nf3 d5 2. g3 c5 3. Bg2 Nc6 4. d4 Nf6 5. 0-0 e6 6. c4 dxc4 7. dxc5 Qxd1 8. Rxd1 Bxc5 9. Nbd2 c3 10. bxc3 0-0 11. Nb3 Be7 12. Nfd4 Nxd4 13. cxd4 Nd5 14. Bb2 Bd7 15. e4 Nb6 16. d5 exd5 17. exd5 Bd6 18. Na5 Rab8 19. Bd4 Bb4 20. Nb3 Rbc8 21. a3 Ba4 22. axb4 Bxb3 23. Rd3 Bc4 24. Rd2 Nxd5 25. Bxd5 Bxd5 26. Bc5 Be4 27. Bxf8 Kxf8 28. Rd4 Bf3 29. Rd3 Be4 30. Rd4 Bf3 31. g4 a6 32. h4 h6 33. Ra3 Rc1+ 34. Kh2 Bc6 35. h5 g5 36. hxg6 fxg6 37. Kg3 g5 38. f3 Re1 39. Rd6 Kg7 40. Kf2 Re7 41. Re3 Rf7 42. Rd4 h5 43. gxh5 Kh6 44. Rd8 Kxh5 45. Rh8+ Kg6 46. Rg8+ Kh5 47. Rh8+ Kg6 48. Kg3 Rf4 49. Rg8+ Kh5 50. Rd8 Kg6 51. Rb3 Rc4 52. Rf8 Kg7 53. Rc8 Rf4 54. Rd8 Kg6 55. Rg8+ Kh5 56. Rd3 Rf6 57. Rgd8 Rf4 58. R8d4 Rf5 59. Re3 Rf6 60. f4 Rf5 61. fxg5 Kxg5 62. Rg4+ Kf6 63. Rf4 Kg5 64. Rf2 Rb5 65. Rf4 Rf5 66. Rd4 a5 67. bxa5 Rxa5 68. Rd8 Rf5 69. Kh3 Rf3+ 1/2-1/2

[Event "EU-ch 25th"]
[Site "Eforie Nord"]
[Date "2025.03.16"]
[Round "2"]
[White "Lupulescu, Constantin"]
[Black "Dubnevych, Maksym"]
[Result "1/2-1/2"]
[WhiteElo "2596"]
[BlackElo "2279"]
[PlyCount "134"]
[EventDate "2025.03.15"]
[EventType "swiss"]
[EventRounds "11"]
[EventCountry "ROU"]
[SourceTitle "CB13_2025"]
[SourceDate "2025.03.26"]
[SourceVersion "1"]
[SourceVersionDate "2025.03.26"]
[SourceQuality "1"]

1. Nf3 d5 2. g3 c5 3. Bg2 Nc6 4. c4 Nf6 5. cxd5 Nxd5 6. Nc3 Nc7 7. d3 e5 8. Nd2 Qd7 9. 0-0 Be7 10. Nc4 b5 11. Ne3 Bb7 12. a4 b4 13. Ncd5 Nxd5 14. Nxd5 0-0 15. b3 Nd4 16. e4 f5 17. Bb2 f4 18. Bxd4 cxd4 19. Qh5 Bd6 20. Bh3 Qf7 21. Qxf7+ Kxf7 22. Rfc1 Bxd5 23. exd5 Ke7 24. Rc6 fxg3 25. hxg3 Rf3 26. Rd1 h5 27. Ra6 g5 28. Be6 g4 29. Rd2 e4 30. dxe4 d3 31. Kg2 Bc5 32. Bf5 Bd4 33. d6+ Kf8 34. d7 Bc3 35. Rd1 Ke7 36. Rc6 Rd8 37. Rc4 Rxf5 38. exf5 Rxd7 39. Rc6 d2 40. Ra6 Rd5 41. Rxa7+ Kf6 42. Ra8 Re5 43. Rd8 Re1 44. R8xd2 Bxd2 45. Rxd2 Rb1 46. Rd3 Kxf5 47. f3 Rb2+ 48. Kf1 Ke5 49. Kg1 gxf3 50. Rxf3 Ke4 51. Rf4+ Ke3 52. Rxb4 Kf3 53. a5 Kxg3 54. Kf1 Kf3 55. Ke1 Ke3 56. Kd1 Kd3 57. Kc1 Kc3 58. a6 Rg2 59. Rc4+ Kxb3 60. Rc8 Rg7 61. Rb8+ Ka4 62. Rb7 Rg8 63. a7 Ra8 64. Rh7 Kb5 65. Rxh5+ Kb6 66. Rh7 Rxa7 67. Rxa7 Kxa7 1/2-1/2

[Event "Titled Tuesday intern op 11th Mar Early"]
[Site "Chess.com INT"]
[Date "2025.03.11"]
[Round "1"]
[White "Dubnevych, Maksym"]
[Black "Nalbandyan, Vahan"]
[Result "1/2-1/2"]
[WhiteElo "2279"]
[BlackElo "2149"]
[PlyCount "185"]
[EventDate "2025.03.11"]
[EventType "swiss (blitz)"]
[EventRounds "11"]
[EventCountry "USA"]
[SourceTitle "CB12_2025"]
[SourceDate "2025.03.19"]
[SourceVersion "1"]
[SourceVersionDate "2025.03.19"]
[SourceQuality "1"]

1. Nc3 d5 2. e4 Nf6 3. e5 d4 4. Nce2 Ng4 5. f4 h5 6. Nf3 c5 7. h3 Nh6 8. Ng3 g6 9. Bc4 e6 10. d3 Nc6 11. 0-0 Be7 12. a4 b6 13. Ne4 Nf5 14. Qe2 Bb7 15. Bd2 Kf8 16. g4 hxg4 17. hxg4 Nh4 18. Nxh4 Rxh4 19. Rf2 Na5 20. Ba2 Bxe4 21. Qxe4 Rxg4+ 22. Rg2 Rxg2+ 23. Kxg2 Kg7 24. Rh1 Qc8 25. f5 exf5 26. Qf4 g5 27. Qh2 Qc6+ 28. Kg1 Qg6 29. e6 fxe6 30. Qe5+ Qf6 31. Qc7 f4 32. Kf2 Rf8 33. Re1 g4 34. Rxe6 Qh4+ 35. Ke2 Rf7 36. Bxf4 g3 37. Qe5+ Bf6 38. Qe4 Qg4+ 39. Kf1 Qg6 40. Qxg6+ Kxg6 41. Kg2 c4 42. Bxg3 Kf5 43. Re1 Rg7 44. Rf1+ Ke6 45. dxc4 Be5 46. Rf3 Rxg3+ 47. Rxg3 Bxg3 48. Kxg3 Ke5 49. Kf3 Nb7 50. b3 a5 51. Bb1 Nc5 52. Ba2 Na6 53. Bb1 Nb4 54. Ke2 Kf4 55. Kd2 Na6 56. c3 Ke5 57. Kd3 dxc3 58. Kxc3 Nc5 59. Bh7 Ne6 60. b4 Nd8 61. b5 Nb7 62. Bc2 Nc5 63. Bd1 Nd7 64. Kd3 Nc5+ 65. Ke3 Nd7 66. Bc2 Nc5 67. Bd1 Nd7 68. Kd3 Nc5+ 69. Kc3 Ne6 70. Bc2 Kd6 71. Be4 Kc5 72. Bd5 Nf4 73. Be4 Ne2+ 74. Kd3 Nc1+ 75. Kc2 Ne2 76. Kd3 Nf4+ 77. Ke3 Ne6 78. Kd3 Nc7 79. Kc3 Ne8 80. Bd5 Nd6 81. Be6 Ne4+ 82. Kd3 Nd6 83. Bd5 Kb4 84. Kd4 Kxa4 85. c5 Nxb5+ 86. Kc4 Na3+ 87. Kd4 Nc2+ 88. Kc3 bxc5 89. Kxc2 Kb4 90. Kb2 c4 91. Bxc4 Kxc4 92. Ka3 a4 93. Kxa4 1/2-1/2

[Event "Titled Tuesday intern op 11th Mar Late"]
[Site "Chess.com INT"]
[Date "2025.03.11"]
[Round "7"]
[White "Dubnevych, Maksym"]
[Black "Noy, Eyal"]
[Result "1-0"]
[WhiteElo "2279"]
[BlackElo "2337"]
[PlyCount "37"]
[EventDate "2025.03.11"]
[EventType "swiss (blitz)"]
[EventRounds "11"]
[EventCountry "USA"]
[SourceTitle "CB12_2025"]
[SourceDate "2025.03.19"]
[SourceVersion "1"]
[SourceVersionDate "2025.03.19"]
[SourceQuality "1"]

1. Nc3 c5 2. Nf3 d5 3. d4 cxd4 4. Qxd4 Nc6 5. Qxd5 Qb6 6. Qb5 Qc7 7. Nd5 Qd7 8. Bf4 a6 9. Qd3 e5 10. Nxe5 Nxe5 11. Bxe5 Bd6 12. Bxg7 f6 13. Bxh8 Qe6 14. 0-0-0 Be5 15. f4 Bd6 16. Kb1 Bd7 17. Nb6 Rd8 18. Qxd6 Qxd6 19. Rxd6 1-0

[Event "Titled Tuesday intern op 11th Mar Early"]
[Site "Chess.com INT"]
[Date "2025.03.11"]
[Round "4"]
[White "Dubnevych, Maksym"]
[Black "Theodorou, Nikolas"]
[Result "0-1"]
[WhiteElo "2279"]
[BlackElo "2611"]
[PlyCount "90"]
[EventDate "2025.03.11"]
[EventType "swiss (blitz)"]
[EventRounds "11"]
[EventCountry "USA"]
[SourceTitle "CB12_2025"]
[SourceDate "2025.03.19"]
[SourceVersion "1"]
[SourceVersionDate "2025.03.19"]
[SourceQuality "1"]

1. Nc3 d5 2. e4 dxe4 3. Nxe4 Nf6 4. Nxf6+ exf6 5. d4 Bd6 6. Bd3 0-0 7. Ne2 Re8 8. 0-0 Nd7 9. Bf4 Nf8 10. c3 h5 11. Bxd6 Qxd6 12. Ng3 g6 13. h3 h4 14. Ne4 Qf4 15. Re1 Kg7 16. Qc1 Qxc1 17. Raxc1 Ne6 18. Bb5 Rd8 19. Rcd1 Nf4 20. Bc4 b6 21. Nd2 Kf8 22. Ne4 Bb7 23. Nxf6 Nxg2 24. Re5 Nf4 25. Rde1 Rd6 26. Nh7+ Kg7 27. Ng5 Rd7 28. Re7 Rxe7 29. Rxe7 Kf6 30. Rxc7 Kxg5 31. Rxb7 Nxh3+ 32. Kf1 f5 33. Bd5 Rh8 34. Bh1 Kf4 35. d5 Rd8 36. Rg7 g5 37. Rh7 Kg4 38. Rxa7 Nf4 39. c4 Nd3 40. b3 Re8 41. Kg2 Re2 42. d6 Rxf2+ 43. Kg1 Rd2 44. d7 Kg3 45. Bf3 Nf4 0-1

[Event "Titled Tuesday intern op 11th Mar Late"]
[Site "Chess.com INT"]
[Date "2025.03.11"]
[Round "6"]
[White "Dubnevych, Maksym"]
[Black "Zhou, Yuxu"]
[Result "1/2-1/2"]
[WhiteElo "2279"]
[BlackElo "2101"]
[PlyCount "62"]
[EventDate "2025.03.11"]
[EventType "swiss (blitz)"]
[EventRounds "11"]
[EventCountry "USA"]
[SourceTitle "CB12_2025"]
[SourceDate "2025.03.19"]
[SourceVersion "1"]
[SourceVersionDate "2025.03.19"]
[SourceQuality "1"]

1. Nc3 d5 2. e4 d4 3. Nce2 e5 4. c3 c5 5. Ng3 Bd6 6. Nf3 Ne7 7. Bc4 Ng6 8. d3 f6 9. 0-0 Nc6 10. a4 Bd7 11. cxd4 cxd4 12. Bd2 Rc8 13. Nf5 Bxf5 14. exf5 Nf8 15. Nh4 g6 16. f4 Qe7 17. fxg6 hxg6 18. Qg4 f5 19. Nxf5 gxf5 20. Qxf5 Qd7 21. Qe4 Qh7 22. Qxh7 Rxh7 23. Rae1 Kd7 24. f5 e4 25. Rxe4 Bxh2+ 26. Kf2 Bd6 27. Rfe1 a6 28. Kg1 Bh2+ 29. Kf2 Bd6 30. Kg1 Bh2+ 31. Kf2 Bd6 1/2-1/2

[Event "Titled Tuesday intern op 25th Feb Early"]
[Site "Chess.com INT"]
[Date "2025.02.25"]
[Round "6"]
[White "Dubnevych, Maksym"]
[Black "Krzywda, Andrzej"]
[Result "1-0"]
[WhiteElo "2255"]
[BlackElo "2162"]
[PlyCount "55"]
[EventDate "2025.02.25"]
[EventType "swiss (blitz)"]
[EventRounds "11"]
[EventCountry "USA"]
[SourceTitle "CB10_2025"]
[SourceDate "2025.03.05"]
[SourceVersion "1"]
[SourceVersionDate "2025.03.05"]
[SourceQuality "1"]

1. Nc3 d5 2. e4 d4 3. Nce2 e5 4. c3 Be6 5. Ng3 f6 6. Nf3 h5 7. cxd4 h4 8. Ne2 exd4 9. Nexd4 Bg4 10. Qb3 Bc5 11. Qxb7 Nd7 12. Nc6 Qc8 13. Qxc8+ Rxc8 14. Ba6 Nb6 15. d4 Bd6 16. e5 fxe5 17. Nfxe5 Bxe5 18. Nxe5 Be6 19. Bxc8 Nxc8 20. 0-0 Bd5 21. Re1 Nce7 22. Ng6 Rh5 23. Bd2 Kf7 24. Nxe7 Nxe7 25. Rac1 c6 26. b3 h3 27. g4 Rh4 28. Rxe7+ 1-0

[Event "Titled Tuesday intern op 25th Feb Early"]
[Site "Chess.com INT"]
[Date "2025.02.25"]
[Round "3"]
[White "Huynh, Laurent"]
[Black "Dubnevych, Maksym"]
[Result "0-1"]
[WhiteElo "2211"]
[BlackElo "2255"]
[PlyCount "84"]
[EventDate "2025.02.25"]
[EventType "swiss (blitz)"]
[EventRounds "11"]
[EventCountry "USA"]
[SourceTitle "CB10_2025"]
[SourceDate "2025.03.05"]
[SourceVersion "1"]
[SourceVersionDate "2025.03.05"]
[SourceQuality "1"]

1. e4 c5 2. c4 Nc6 3. Nc3 Nf6 4. g3 g6 5. Bg2 Bg7 6. d3 0-0 7. Nge2 d6 8. 0-0 a6 9. a3 Rb8 10. Rb1 b5 11. cxb5 axb5 12. b4 cxb4 13. axb4 Nd7 14. d4 Nb6 15. d5 Ne5 16. Nxb5 Nec4 17. Nbd4 Bd7 18. Nc6 Bxc6 19. dxc6 Qc7 20. b5 e6 21. Nd4 Ra8 22. Nc2 Na4 23. Rb4 Ncb6 24. Be3 Rfd8 25. Bd4 Bf8 26. Rb3 d5 27. exd5 Nxd5 28. Qf3 Nc5 29. Rb2 Rab8 30. Rfb1 Na4 31. Rb3 Nab6 32. Qe2 Bg7 33. Bxg7 Kxg7 34. Ne3 Ne7 35. Qb2+ e5 36. Qa2 Ra8 37. Ra3 Rxa3 38. Qxa3 Rd2 39. Ra1 Nbc8 40. Qa5 Qd6 41. b6 Nxc6 42. Qb5 Nd4 0-1

[Event "Titled Tuesday intern op 11th Feb Early"]
[Site "Chess.com INT"]
[Date "2025.02.11"]
[Round "8"]
[White "Di Berardino, Diego Rafael"]
[Black "Dubnevych, Maksym"]
[Result "1/2-1/2"]
[WhiteElo "2457"]
[BlackElo "2255"]
[PlyCount "210"]
[EventDate "2025.02.11"]
[EventType "swiss (blitz)"]
[EventRounds "11"]
[EventCountry "USA"]
[SourceTitle "CB08_2025"]
[SourceDate "2025.02.19"]
[SourceVersion "1"]
[SourceVersionDate "2025.02.19"]
[SourceQuality "1"]

1. d4 Nf6 2. c4 e6 3. Nc3 d5 4. cxd5 exd5 5. Bg5 Be7 6. e3 0-0 7. Bd3 h6 8. Bh4 Nbd7 9. Nge2 Re8 10. 0-0 c6 11. Qc2 b5 12. f3 Bb7 13. Rad1 Rc8 14. Qb1 b4 15. Na4 c5 16. dxc5 Nxc5 17. Nxc5 Bxc5 18. Bf2 Bxe3 19. Bxe3 Rxe3 20. Kh1 Qb6 21. Nd4 Rce8 22. Qc2 Nh5 23. Bb5 Rc8 24. Qf5 Nf6 25. h3 Rc5 26. Bd3 Rc7 27. Qf4 Rxd3 28. Rxd3 Ba6 29. Rfd1 Bxd3 30. Rxd3 a5 31. b3 Rc3 32. Rd1 Nh5 33. Qg4 Nf6 34. Qf5 Qc5 35. Qf4 Qe7 36. Nf5 Qe2 37. Rg1 Qe6 38. Nd4 Qd7 39. Re1 Nh5 40. Qe5 Nf6 41. Qf4 Rc8 42. Qg3 Re8 43. Rc1 Kh7 44. Qf4 Qe7 45. Rc7 Qe1+ 46. Kh2 Kg8 47. Nf5 Qe5 48. Qxe5 Rxe5 49. Nd4 Re1 50. Ra7 Rd1 51. Nf5 d4 52. Rxa5 d3 53. Ra8+ Kh7 54. Rd8 Nh5 55. Ne3 Rd2 56. Nc4 Rxa2 57. Rxd3 Rxg2+ 58. Kxg2 Nf4+ 59. Kg3 Nxd3 60. Ne3 Kg6 61. f4 f5 62. Kf3 Nc5 63. Nd5 Nxb3 64. Nxb4 Nd4+ 65. Kg3 Ne6 66. Nd3 Kf6 67. Ne5 Nc5 68. Nc6 Ke6 69. Nd4+ Kf6 70. Nc6 Ne6 71. Kf3 Nf8 72. Kg3 Ng6 73. Nb4 Ke6 74. Kf3 Ne7 75. Kg3 Kd6 76. Kf3 Kc5 77. Nd3+ Kd4 78. Ne5 Nd5 79. Nf7 Nf6 80. Nd6 Kd5 81. Nxf5 Ne8 82. Ne3+ Ke6 83. Ng4 Kf7 84. Ne5+ Kf6 85. Ng4+ Kf5 86. Ne3+ Kg6 87. Ng4 Nd6 88. Ne5+ Kf5 89. Ng4 Nf7 90. Ne3+ Ke6 91. Ke4 Nd6+ 92. Kf3 Nf5 93. Nxf5 Kxf5 94. Kg3 h5 95. Kf3 h4 96. Ke3 Kf6 97. Ke4 g6 98. Ke3 Ke6 99. Kf3 Kf5 100. Ke3 Kf6 101. Ke4 Ke6 102. Ke3 Kd5 103. Kf3 Kd4 104. Kg4 Ke4 105. Kxh4 Kxf4 1/2-1/2